000
00215 a2200097 4500
001
14192
100
_a
Jones, J.S
245
_a
A first modern english course
260
_a
London
_b
J M Deni
_c
090
_c
11135
_d
11135
942
_a
NUST-CAE
_c
M
_c
1265
999
_c
249265
_d
249265